Statistiques concernant Presidents de la Pologne

Cliquez ici pour prendre le quiz!

Statistiques générales

  • Ce quiz a été pris 17 fois
  • Le résultat moyen est 7 sur 23

Statistiques - réponses

HintRéponse% Correct
1990-1995Lech Wałesa
79%
Depuis 2015Andrzej Duda
71%
1918-1922Jozef Pilsudski
71%
2005-2010Lech Kaczynski
71%
1989-1990Wojciech Jaruzelski
50%
1985-1989Wojciech Jaruzelski
50%
1995-2005Aleksander Kwasniewski
43%
2010-2015Bronislaw Komorowski
43%
1947-1952Boleslaw Bierut
36%
1922-1922Gabriel Narutowicz
29%
1926-1939Ignacy Moscicki
29%
1952-1964Aleksander Zawadzki
14%
1947-1972August Zaleski
14%
1979-1986Edward Bernard Raczynski
14%
1964-1968Edward Ochab
14%
1972-1985Henryk Jabloński
14%
1970-1972Jozef Cyrankiewicz
14%
1986-1989Kazimierz Sabbat
14%
1968-1970Marian Spychalski
14%
1989-1990Ryszard Kaczorowski
14%
1972-1979Stanislaw Ostrowski
14%
1922-1926Stanisław Wojciechowski
14%
1939-1947Wladysław Raczkiewicz
14%

Distribution des résultats

Percentile par nombre de réponses

% des personnes avec chaque résultat

Votre développement - résultats

Vous n’avez pas pris ce quiz